| 000 | 00738nam a22002657a 4500 | ||
|---|---|---|---|
| 008 | 130610b xxu||||| |||| 00| 0 eng d | ||
| 020 | _a81-7648-242-0 | ||
| 024 | _cAvailable | ||
| 037 | _cAvailable | ||
| 040 |
_aMBSTU LIBRARY _dMBSTU LIBRARY |
||
| 082 |
_222 _a641.2 SAF |
||
| 100 | _aSagor, Anil | ||
| 110 | _aDeepak Gaur. | ||
| 245 | _aFood and beverage service. | ||
| 260 |
_aNew Delhi _bAPH Publishing Corporation. _c2009 |
||
| 300 |
_a22 cm _bx,267 page _f5 _g22 cm. |
||
| 600 | _2Beverage (drinks) | ||
| 650 | _2Beverage (drinks) | ||
| 700 | _aSagor, Anil | ||
| 710 | _aDeepak Gaur. | ||
| 270 |
_aNew Delhi _bNew Delhi _dIndia |
||
| 365 |
_b941.00 _d941.00 |
||
| 942 |
_2ddc _cBK |
||
| 999 |
_c445 _d445 |
||